Vida de Rafael

Uloženo v:
Podrobná bibliografie
Hlavní autor: Vasari, Giorgio (Autor)
Médium: Kniha
Jazyk:španělština
Vydáno: Madrid Casimiro Libros 2012
Vydání:1a. ed
Témata:
Tagy: Přidat tag
Žádné tagy, Buďte první, kdo vytvoří štítek k tomuto záznamu!

MARC

LEADER 00000cam a2200000 a 4500
001 UCE1144
003 CL-VaPUC
008 140331e20120000sp |||||||||||||||||spa|d
020 |a 9788493967871 
082 0 4 |a 759.03  |b VAS  |2 21 
100 0 |a Vasari, Giorgio  |e author  |9 573520 
245 1 0 |a Vida de Rafael 
250 |a 1a. ed 
300 |a 77 p 
942 |c BK 
945 |d 20140331 09:48:00  |a dcastane 
260 |a Madrid  |b Casimiro Libros  |c 2012 
600 0 7 |a RAFAEL  |2 CL-VaPUC  |9 345575 
650 0 |a Pintura italiana  |9 265293 
650 0 |a Pintores italianos  |9 265277 
650 0 |a Biografías  |9 255210 
583 |a last modification  |c 20140331 09:48:00  |k Rodrigo Vera 
999 |c 355051  |d 355049 
952 |0 0  |1 0  |3 erb  |4 0  |6 759_030000000000000_VAS_2012  |7 0  |8 A  |9 461400  |a BIBART  |b BIBART  |i 506483K  |o 759.03 VAS 2012  |p 506483K  |r 2025-03-13  |w 2019-11-23  |y BK  |z Catalogado en:20140331  |k ART